Normal view
MARC view
Entry Personal Name
001 - CONTROL NUMBER
- control field: 85067
003 - CONTROL NUMBER IDENTIFIER
- control field: dpl
005 - DATE AND TIME OF LATEST TRANSACTION
- control field: 20250915125427.0
008 - FIXED-LENGTH DATA ELEMENTS
- fixed length control field: 250915|| aca||aabn | a|a d
040 ## - CATALOGING SOURCE
- Original cataloging agency: dpl
- Transcribing agency: dpl
100 ## - HEADING--PERSONAL NAME
- Personal name: T. Kathirvalavakumar
670 ## - SOURCE DATA FOUND
- Source citation: Work cat.: (dpl)213439: T. Kathirvalavakumar, Mining Intelligence and Knowledge Exploration: , 2013
